[Event "Reykjavik Olis m"]
[Site "Reykjavik"]
[Date "2003.02.10"]
[Round "1"]
[White "Movsesian, Sergei"]
[Black "Stefansson, Hannes"]
[Result "1-0"]
[WhiteElo "2663"]
[BlackElo "2569"]
[Annotator "Movsesian,S"]
[PlyCount "81"]
[EventDate "2003.02.10"]
[EventType "match"]
[EventRounds "6"]
[EventCountry "ISL"]
[SourceTitle "CBM 094"]
[Source "ChessBase"]
[SourceDate "2003.05.26"]
[SourceVersion "1"]
[SourceVersionDate "2003.05.26"]
[SourceQuality "1"]

1. e4 c5 2. Nf3 d6 3. d4 cxd4 4. Nxd4 Nf6 5. Nc3 Nc6 6. Bc4 Qb6 7. Nb3 e6 8.
O-O Be7 9. Kh1 Qc7 10. Bd3 a6 11. f4 O-O 12. Qf3 b5 13. Bd2 Bb7 14. Qh3 Rfd8 $6
{I did play this setup several times with black pieces and never felt very
safe. Black has to play very careful to neutralize all white's positional and
tactical threats. The move in a game is not very accurate, as rook is better
on f8,protecting important f7 square.} (14... Rad8) ({Interesting is also} 
14... b4 $5 15. Ne2 e5) 15. a4 $5 b4 16. Nd1 d5 17. e5 Ne4 18. Ne3 {This idea
I have seen in one of Sax's games and it looked very impressive to me. The
knight can jump on g4 and also supports f4-f5} Na5 $6 {Allows white to get a
big advantage, but it is already not easy to propose something better.} 19.
Nxa5 Qxa5 20. f5 $1 exf5 (20... Nxd2 21. fxe6 ({but not} 21. f6 $2 Ne4 22. fxe7
Re8) 21... Ne4 22. Rxf7 $18 {and white pieces are dominating}) 21. Qxf5 Rf8 22.
e6 Qc5 $8 (22... f6 23. Bxe4 g6 24. Nxd5 gxf5 25. Nxe7+ Kh8 26. Bxb7 $18) (
22... Ng5 23. Nc4 $1 $18) 23. exf7+ Kh8 24. Rae1 Rad8 25. Bc1 (25. Nxd5 {
would just help black to get playable endgame} Qxd5 26. Qxd5 Bxd5 27. Bxe4 Rxf7
) 25... Nf6 (25... Bc8 26. Qh5 {would bring to the position in a game}) 26. Qh3
Bc8 27. Qh4 Ne4 28. Qh5 Be6 (28... d4 29. Qe2 $1 dxe3 30. Bxe4 $16) 29. Ng4
Bxg4 30. Qxg4 Bf6 31. Bxe4 dxe4 32. Qe6 Rd6 (32... Qe7 33. Qxe7 Bxe7 34. g4 $1
$18 {and black is completely pinned}) 33. Qxe4 Rc6 34. Be3 {Probably not the
quickest way to win the game} ({Better was "computer-kind"} 34. Qe8 Rc8 35.
Rxf6 $1 gxf6 36. Bh6 $18 {Fritz}) 34... Qc4 (34... Qxc2 {also loses due to} 35.
Qxb4 Rxf7 36. Rf2 $1 Qc4 37. Bc5 $18) 35. Bf4 Qxe4 36. Rxe4 g5 37. Be3 Kg7 38.
Rxb4 Rxc2 39. Rb6 $1 Be5 (39... Rxf7 40. Rbxf6 Rxf6 41. Bd4 Rcc6 42. b4 Kg6 43.
Bxf6 Rxf6 44. Rxf6+ Kxf6 45. a5 $18) 40. Re6 Bf4 41. Bd4+ 1-0

[Event "Rijeka Liburnija 1st"]
[Site "Rijeka"]
[Date "2005.04.11"]
[Round "1"]
[White "Fercec, Nenad"]
[Black "Markus, Robert"]
[Result "0-1"]
[WhiteElo "2504"]
[BlackElo "2584"]
[Annotator "Mueller,Karsten"]
[PlyCount "88"]
[EventDate "2005.04.11"]
[EventType "tourn"]
[EventRounds "11"]
[EventCountry "CRO"]
[EventCategory "10"]
[SourceTitle "CBM 107"]
[Source "ChessBase"]
[SourceDate "2005.08.01"]
[SourceVersion "1"]
[SourceVersionDate "2005.08.01"]
[SourceQuality "1"]

1. e4 c5 2. Nf3 e6 3. d4 cxd4 4. Nxd4 a6 5. Nc3 Qc7 6. Bd3 Nf6 7. O-O Bc5 8.
Nb3 Be7 9. f4 d6 10. Qe2 Nc6 11. Bd2 O-O 12. Rae1 Nd7 13. Kh1 b5 14. Rf3 g6 15.
Rh3 Re8 16. Nd1 Bf6 17. c3 Bg7 18. Nf2 Bb7 19. Ng4 f5 20. Nf2 Nf6 21. Re3 d5
22. exf5 exf5 23. Nc5 Ne4 24. Nxb7 Qxb7 25. Bc1 Re7 26. Qf1 Rae8 27. Bc2 Na5
28. Rd1 Nc4 29. Rf3 Ned2 30. Bxd2 Nxd2 31. Rxd2 Re1 32. Nd3 Rxf1+ 33. Rxf1 Kh8
34. Ne5 Bxe5 35. Re2 b4 36. Rfe1 bxc3 37. bxc3 Qc6 38. fxe5 Qxc3 39. e6 d4 40.
Rd1 Rxe6 41. Rxe6 Qxc2 42. Ree1 $2 {zu passiv.} (42. Rg1 Qxa2 43. Re7 {[%cal
Ge7d7] war wesentlich zäher, sollte langfristig aber auch verlieren.}) 42... d3
43. Kg1 Kg7 44. Kf1 $2 (44. a3 Kf6 45. Rb1 d2 46. Red1 Ke5 47. Kf2 Ke4 48. Ke2
Qd3+ 49. Kf2 Qxa3 $19) 44... d2 0-1

[Event "Solin 12th"]
[Site "Solin/Split"]
[Date "2004.12.09"]
[Round "6"]
[White "Brkic, Ante"]
[Black "Ljubicic, Filip"]
[Result "1-0"]
[WhiteElo "2454"]
[BlackElo "2395"]
[Annotator "Mueller,Karsten"]
[PlyCount "147"]
[EventDate "2004.12.03"]
[EventType "tourn"]
[EventRounds "9"]
[EventCountry "CRO"]
[EventCategory "10"]
[SourceTitle "CBM 105"]
[Source "ChessBase"]
[SourceDate "2005.04.11"]
[SourceVersion "1"]
[SourceVersionDate "2005.04.11"]
[SourceQuality "1"]

1. e4 c5 2. Nf3 e6 3. d4 cxd4 4. Nxd4 a6 5. Nc3 Qc7 6. Be2 b5 7. O-O Bb7 8. Re1
Nc6 9. Nxc6 dxc6 10. e5 Rd8 11. Bd3 c5 12. Qg4 h5 13. Qe2 Ne7 14. Bg5 Rd4 15.
Rad1 Nc6 16. Be4 Be7 17. Bxe7 Kxe7 18. Bxc6 Qxc6 19. f3 Rhd8 20. Ne4 R8d5 21.
Nd6 Rxd1 22. Rxd1 Rxd1+ 23. Qxd1 Qd5 24. Qxd5 Bxd5 25. a3 g5 26. Kf2 f6 27.
Nc8+ Kd7 28. Nd6 Ke7 29. Nc8+ Kf7 30. Nd6+ Ke7 31. Ke3 fxe5 32. Ne4 Bxe4 33.
Kxe4 {Es folgt ein faszinierendes Bauernendspiel, das beide Seite gut
behandeln:} Kd6 (33... Kf6 $5 {ist noch etwas genauer:} 34. b4 c4 35. c3 h4 36.
g3 (36. h3 Kf7 37. Kxe5 Ke7 38. f4 gxf4 39. Kxf4 Kf6 40. g3 (40. Kg4 Ke5 41.
Kxh4 $2 {wird mit} Kf4 $1 {ausgekontert.}) 40... hxg3 41. Kxg3 Kg5 $11) 36...
h3 37. g4 Kg7 38. Kxe5 Kf7 39. Kd4 (39. f4 Kg6 40. f5+ exf5 41. gxf5+ Kf7 42.
f6 g4 43. Kf4 Kxf6 44. Kxg4 Ke5 $11) 39... Kf6 40. Ke4 Ke7 41. Ke3 Kf7 42. Kf2
Kf6 43. Kg3 Ke5 44. Kxh3 Kf4 45. Kg2 e5 46. h3 e4 47. fxe4 Kxe4 48. h4 gxh4 49.
Kh3 Kd3 50. g5 Kxc3 51. g6 Kb2 52. g7 c3 53. g8=Q c2 $11) 34. b4 h4 (34... cxb4
$2 35. axb4 h4 36. c3 Kd7 37. Kxe5 Ke7 38. f4 g4 (38... gxf4 39. Kxf4 Kf6 40.
Kg4 Ke5 41. Kxh4 Kf4 42. g4 $18) 39. f5 $18) 35. g3 h3 $5 (35... hxg3 $6 36.
hxg3 c4 37. c3 Kd7 38. Kxe5 Ke7 39. g4 Kf7 40. Kd4 Kf6 41. Kc5 Ke5 42. Kb6 Kf4
43. Kxa6 Kxf3 44. Kxb5 e5 45. a4 e4 46. a5 e3 47. a6 e2 48. a7 e1=Q 49. a8=Q+ {
gibt Weiß noch gewisse Gewinnchancen.}) 36. g4 (36. bxc5+ Kxc5 37. Kxe5 a5 38.
f4 gxf4 39. gxf4 a4 40. Kxe6 b4 41. axb4+ Kb5 $11) 36... c4 37. c3 Kd7 38. Kxe5
Ke7 39. f4 (39. Kd4 Kf6 40. Ke4 Kf7 41. Ke3 e5 42. Kf2 e4 $3 {[%mdl 4096]} (
42... Ke6 $2 43. Kg3 e4 (43... Kd5 44. Kxh3 e4 45. Kg2 exf3+ 46. Kxf3 Ke5 47.
h3 $22 Kd5 48. h4 gxh4 49. g5 $18) 44. Kxh3 (44. fxe4 $2 Ke5 45. Kf3 Ke6 46.
Ke3 Ke5 $11) 44... Ke5 45. Kg3 e3 46. h3 Kf6 47. Kg2 Ke6 48. Kf1 Ke5 49. Ke1
Kf4 50. Ke2 Kg3 51. Kxe3 Kxh3 52. Kf2 Kh2 (52... Kh4 53. Kg2 a5 54. bxa5 $18)
53. f4 $18) 43. fxe4 Ke6 44. Kg3 Ke5 $11) 39... gxf4 40. Kxf4 {Das folgende
ist ziemlich forciert:} Kf6 41. Kg3 Kg5 42. Kxh3 Kf4 $1 43. Kh4 e5 44. g5 e4
45. g6 e3 46. g7 e2 47. g8=Q e1=Q+ 48. Qg3+ Qxg3+ 49. hxg3+ Ke3 50. g4 Kd3 51.
g5 Kxc3 52. g6 Kb2 53. g7 c3 54. g8=Q c2 $11 {Theoretisch ist die Stellung
remis, doch praktisch schwer zu halten für Schwarz, was sich auch in der
Partie zeigt:} 55. Qg7+ Kb1 56. Qg6 Kb2 57. Qf6+ (57. Qxa6 c1=Q 58. Qxb5 Kxa3
$11) 57... Kb1 58. Qxa6 c1=Q 59. Qxb5 Qxa3 60. Qc4 Qa4 61. Kg5 Kb2 62. Qc5 Kb3
63. b5 Qa5 64. Kf5 Ka4 65. Qc4+ Ka3 66. Ke6 Qd8 67. Qc6 Kb4 68. b6 Ka5 69. b7
Qg8+ 70. Kd7 Qf7+ 71. Kc8 Qf8+ 72. Kc7 Qe7+ $2 (72... Qf4+ $1 73. Qd6 Qc4+ $1
74. Kb8 Kb5 $1 75. Qc7 Qg8+ 76. Qc8 Qg3+ $11) 73. Kb8 Qh4 74. Ka8 1-0

[Event "EU-ch 5th"]
[Site "Antalya"]
[Date "2004.05.20"]
[Round "5"]
[White "Neubauer, Martin"]
[Black "Iljushin, Alexei"]
[Result "1/2-1/2"]
[WhiteElo "2418"]
[BlackElo "2529"]
[Annotator "Mueller,Karsten"]
[PlyCount "138"]
[EventDate "2004.05.15"]
[EventType "swiss"]
[EventRounds "13"]
[EventCountry "TUR"]
[SourceTitle "CBM 101"]
[Source "ChessBase"]
[SourceDate "2004.07.27"]
[SourceVersion "1"]
[SourceVersionDate "2004.07.27"]
[SourceQuality "1"]

1. e4 c5 2. Nf3 e6 3. d4 cxd4 4. Nxd4 a6 5. Nc3 b5 6. Bd3 Qb6 7. Nf3 Bb7 8. O-O
d6 9. a4 b4 10. a5 Qc7 11. Na2 Nf6 12. Qe2 Nc6 13. Bd2 d5 14. e5 Nd7 15. Rfe1
Nc5 16. Ng5 Nxd3 17. cxd3 b3 18. Nc3 Nd4 19. Qh5 g6 20. Qh4 Nc2 21. Nxh7 Rxh7
22. Qxh7 Nxa1 23. Rxa1 Qxe5 24. Re1 Qf6 25. Qh3 Bc5 26. Qg3 Rc8 27. Na4 Ba7 28.
Bc3 d4 29. Bb4 Bb8 30. Bd6 Bxd6 31. Qxd6 Qg5 32. g3 Rd8 33. Qe5 Qxe5 34. Rxe5
Bd5 35. Nb6 Bf3 36. Kf1 Ke7 37. Rc5 Kd6 38. Rc8 Rxc8 39. Nxc8+ Kc5 40. h4 e5
41. Ke1 Bg4 42. Nb6 Be6 43. Kd2 f5 44. f3 Kb5 45. Nc4 Bxc4 46. dxc4+ Kxc4 {
An exciting race now ensues, one which Black could have won.  Es folgt ein
spannendes Wettrennen, das Schwarz hätte gewinnen können:} 47. g4 fxg4 $2 {
a fatal exchange - the more pawns there are, the more chances for a
breakthrough. ein fataler Abtausch - mehr Bauern, mehr
Durchbruchsmöglichkeiten.} (47... Kd5 48. gxf5 gxf5 49. h5 Ke6 50. Kd3 f4 51.
Kc4 {[%tqu "En","What was your point then?","","","e5e4","",8,"De","Wie lautet
die Pointe?","","","e5e4","",8]} e4 $3 52. fxe4 ({after nach} 52. Kxd4 e3 53.
h6 Kf6 $19 {the protected passed pawn is decisive. entscheidet der gedeckte
Freibauer.}) 52... f3 53. Kd3 Kf6 {the wandering foursome of white pawns has
not yet reached the baseline, so they will be eaten up one after the other.
das wandernde Quadart der weißen Bauern hat die Grundlinie noch nicht erreicht,
folglich werden sie einer nach dem anderen verspeist.} 54. h6 Kg6 55. e5 Kxh6
56. e6 Kg7 $19) 48. fxg4 Kd5 49. h5 gxh5 50. gxh5 Ke6 51. Kd3 Kf5 52. Kc4 Kg5
53. Kxb3 Kxh5 54. Kc2 Kg4 55. b4 Kf3 56. b5 $1 axb5 (56... Ke2 57. bxa6 d3+ 58.
Kb2 d2 59. a7 d1=Q 60. a8=Q {should also be a draw. sollte auch remis sein.})
57. a6 Ke2 58. a7 d3+ 59. Kb2 d2 60. a8=Q d1=Q 61. Qe4+ Kf2 62. Qxe5 Qd3 63.
Qc3 Qd5 64. Ka3 Qd6+ 65. Qb4 Qa6+ 66. Kb3 Qe6+ 67. Ka3 Qc6 68. Qd4+ Ke2 69. Kb4
Qc4+ 1/2-1/2

[Event "Bucharest"]
[Site "Bucharest"]
[Date "1996.??.??"]
[Round "?"]
[White "Nevednichy, Vladislav"]
[Black "Ionescu, Constantin"]
[Result "*"]
[WhiteElo "2505"]
[BlackElo "2525"]
[Annotator "Nevednichy,V"]
[PlyCount "58"]
[EventDate "1996.??.??"]
[EventType "tourn"]
[EventRounds "15"]
[EventCountry "ROU"]
[EventCategory "9"]
[SourceTitle "EXT 1999"]
[Source "ChessBase"]
[SourceDate "1998.11.16"]
[SourceVersion "1"]
[SourceVersionDate "1998.11.16"]
[SourceQuality "1"]

1. e4 c5 2. Nf3 e6 3. d4 cxd4 4. Nxd4 a6 5. Nc3 b5 6. Bd3 Ne7 7. O-O Nec6 8.
Nxc6 Nxc6 9. f4 d6 $146 (9... Bb7) 10. f5 Be7 11. fxe6 Bxe6 12. a4 $1 b4 13.
Nd5 Bxd5 (13... O-O $5 14. Nxe7+ Qxe7 $13) 14. exd5 Ne5 15. a5 Bg5 16. Bxg5
Qxg5 17. Qe2 Qe7 18. Kh1 Nxd3 (18... O-O 19. Qe4 g6 20. Qxb4 $16) (18... Qb7
19. Qe4 $1 $16) 19. Qxd3 O-O 20. Rf4 Qb7 21. Ra4 Rfe8 22. h3 Re1+ 23. Kh2 Qa7
24. Qd4 Qxd4 25. Rxd4 Re2 26. Raxb4 (26. Rc4 Rd2 27. Raxb4 Rxd5 $11) 26... Rxc2
27. Rb6 h5 $1 28. Rxd6 Rxb2 $1 29. Rc6 Rb7 $1 $11 *

[Event "Bundesliga 0405"]
[Site "Germany"]
[Date "2005.04.09"]
[Round "14.3"]
[White "Pelletier, Yannick"]
[Black "Handke, Florian"]
[Result "1-0"]
[WhiteElo "2610"]
[BlackElo "2467"]
[Annotator "Pelletier,Y"]
[PlyCount "81"]
[EventDate "2004.11.12"]
[EventType "team-tourn"]
[EventRounds "15"]
[EventCountry "GER"]
[SourceTitle "CBM 107"]
[Source "ChessBase"]
[SourceDate "2005.08.01"]
[SourceVersion "1"]
[SourceVersionDate "2005.08.01"]
[SourceQuality "1"]
[WhiteTeam "Werder Bremen"]
[BlackTeam "Wattenscheid"]
[WhiteTeamCountry "GER"]
[BlackTeamCountry "GER"]

1. e4 c5 2. Nf3 e6 3. d4 cxd4 4. Nxd4 a6 5. Nc3 Qc7 6. Bd3 Bd6 {Ziemlich
selten gespielt, aber interessant. Schwarz möchte die gegnerische kurze
Rochade erschweren, sowie f4 verhindern.} 7. Be3 Nf6 8. h3 Nc6 9. Nde2 {
Dieser logische Zug ist auch eine Neuerung.} Be7 10. f4 d6 11. g4 h6 $6 ({
Eher Zeitverlust als nützliche Massnahme. Vorzuziehen war} 11... b5) 12. Qd2 (
12. Ng3 d5 $1) 12... b5 (12... g5 13. O-O-O) 13. Ng3 Nd7 (13... d5 14. exd5
exd5 15. Nce2 $14) 14. O-O-O Nb6 (14... O-O 15. h4) (14... Nc5 15. Kb1 $14) 15.
h4 (15. Nh5 g6) 15... Bd7 16. g5 Rb8 ({Im Zentrum kann sich der schwarze König
nicht gut fühlen, aber} 16... O-O-O {war wegen} 17. Qf2 {kaum möglich.}) (16...
Nc4 17. Bxc4 bxc4 18. Nh5) 17. Nh5 hxg5 $6 {Die Öffnung der h-Linie kommt nur
dem Anziehenden zugute.} (17... g6 18. Nf6+ Bxf6 19. gxf6 $16) (17... Kf8 18.
f5) 18. hxg5 ({Dies konnte sogar sofort ausgenutzt werden:} 18. Nxg7+ $1 Kf8
19. hxg5 Kxg7 20. f5 exf5 (20... f6 21. gxf6+ Bxf6 22. Qg2+ $18) 21. exf5 Bxf5
(21... f6 22. Qg2 $18) 22. Bxf5 Nc4 23. Qf2 Nxe3 24. Qxe3 Ne5 25. Nd5 $18)
18... Rg8 19. f5 $6 ({Stark war hier} 19. e5 dxe5 (19... d5 20. Nxg7+ Rxg7 21.
Rh8+ Bf8 22. Nxb5 $1 axb5 23. Bc5 Ne7 24. Bxe7 $18) 20. Nxg7+ Kd8 (20... Rxg7
21. Rh8+ Bf8 22. Bc5) 21. Rh7 Nc4 22. Bxc4 bxc4 23. Bc5 $1 $18 Bxc5 $140 24.
Nxe6+) ({Verfehlt sind sowohl} 19. Bxb5 $2 axb5 (19... Qb7 20. Bxc6 Bxc6 21.
Qd4) 20. Nxb5 Qb7 21. b3 (21. Nxg7+ Kd8) (21. Nxd6+ Bxd6 22. Nxg7+ Kd8) 21...
Nc8) ({als auch} 19. Nxg7+ $6 Rxg7 20. Rh8+ Bf8 21. Bxb5 (21. e5 $5) 21... Ne5
(21... Qb7 22. Qxd6) (21... axb5 22. Nxb5 $18) 22. fxe5 axb5 23. Qxd6 Qxd6 24.
Rxd6 Nc4 25. Bc5 Rc8 26. Bb4 Nxd6 27. Bxd6 Bc6 28. Rxf8+ Kd7 29. Rxc8 Kxc8 30.
Be7 $13) 19... Ne5 20. f6 (20. g6 $5 fxg6 21. fxe6 Bxe6 22. Nf4 Bf7 23. Bxb6
Qxb6 24. Nfd5 $36) 20... Bf8 (20... gxf6 21. Nxf6+ Bxf6 22. gxf6 $16) 21. fxg7
Bxg7 22. Nxg7+ (22. Bd4 Bh8 23. Nf6+ Bxf6 24. gxf6 b4 25. Bxe5 dxe5 26. Rdg1
Rf8 27. Ne2 $16) 22... Rxg7 23. Qf2 (23. Rh8+ Ke7 24. Rxb8 Qxb8 25. Bd4 Bc6)
23... Rg8 24. Rh7 Bc6 25. Kb1 (25. Rdh1 b4 26. Rh8 Rxh8 27. Rxh8+ Kd7 28. Rxb8
Qxb8 $14) 25... Nbd7 (25... b4 26. Ne2 Nbc4 27. g6 $1) (25... Ng4 26. Bxb6 Rxb6
27. Qh4 Ne5 28. Rh8 Rxh8 29. Qxh8+ Ke7 30. Qf6+ Ke8 31. Ne2 $36) 26. Ne2 Nf8
27. Rh5 Nfg6 28. Bc1 Rc8 29. Nd4 Qb6 (29... Qa7 $142 30. Rf1 Ba8 31. Rh7 Nf8
32. Rh3 Nfg6 33. b3 $16 {Hier ist zwar noch kein weißer Durchbruchsplan in
Sicht, aber Schwarz ist völlig gebunden.}) 30. Rf1 Rc7 $4 $138 {[%csl Rb6]
[%mdl 8192]} 31. Nxe6 (31. Nxb5 $142) 31... Rb7 32. Nd4 Nxd3 33. cxd3 Ne5 34.
Rh3 Bd7 35. Rg3 Qc5 $2 36. g6 $1 fxg6 37. Rxg6 Rh8 38. Qf6 Nxg6 39. Qxg6+ Kd8
40. Qf6+ Kc7 41. Qxh8 1-0

[Event "EU-ch 13th"]
[Site "Plovdiv"]
[Date "2012.03.28"]
[Round "8"]
[White "Movsesian, Sergei"]
[Black "Pantsulaia, Levan"]
[Result "1-0"]
[WhiteElo "2702"]
[BlackElo "2595"]
[Annotator "Postny,E"]
[PlyCount "61"]
[EventDate "2012.03.20"]
[EventType "swiss"]
[EventRounds "11"]
[EventCountry "BUL"]
[SourceTitle "CBM 148"]
[Source "ChessBase"]
[SourceDate "2012.05.16"]
[SourceVersion "1"]
[SourceVersionDate "2012.05.16"]
[SourceQuality "1"]

1. Nf3 c5 {Inviting a Sicilian Defence.} 2. e4 {Accepted!} e6 3. d4 cxd4 4.
Nxd4 a6 5. Nc3 b5 6. Bd3 Qb6 7. Nb3 Qc7 8. O-O Bb7 {This setup is somewhat
risky as the second player is delaying his kingside development for a while.
In practice, however, Black achieves decent results.} 9. Qe2 (9. f4 b4 10. Nb1
Nf6 11. Qe2 a5 12. Kh1 Nc6 13. a4 d6 14. N1d2 Be7 15. Nc4 O-O 16. e5 Nd5 17.
exd6 Bxd6 $11 {1-0 Movsesian,S (2721)-Andreikin,D (2683)/Moscow 2010/EXT 2011 
(26)}) 9... Nf6 10. f4 d6 11. Kh1 {Always a useful move in the Sicilian.} (11.
a3 {has appeared in dozens of games, but I think that White's play should be
more dynamic than that. The advance b5-b4 is not such a big threat.}) 11...
Nbd7 (11... Be7 12. Bd2 Nbd7 13. Rae1 g6 $6 (13... h5 $5 14. Nd4 (14. e5 $6
dxe5 15. fxe5 Ng4 {[%csl Re5] is the point of 13...h5.}) (14. a4 $5 b4 15. Nd1
$13) 14... h4 15. b4 Qb6 16. Nf3 Nh5 17. Qe3 Qxe3 18. Bxe3 Rc8 $15 {0-1 Li,C 
(2656)-Yu,Y (2646)/Shenzhen 2011/CBM 142 Extra (42)}) 14. a3 $6 (14. e5 $1 Nh5
15. f5 $1 $36) 14... O-O 15. Nd4 Rad8 16. Nf3 Rfe8 17. Qf2 d5 18. e5 Ne4 19.
Bxe4 dxe4 20. Ng5 Nc5 $15 {0-1 Shanava,K (2506)-Pantsulaia,L (2581)/Tbilisi
2009/CBM 130 Extra (42)}) 12. Bd2 Nc5 $2 {Black should be careful with such
moves since his development isn't completed yet. In the Sicilian Defence one
mistake is often enough to lose the game!} (12... Be7 {would transpose to a
normal position, mentioned above, see 11...Be7 12.Bd2 Nbd7.}) 13. Nxc5 dxc5 (
13... Qxc5 $2 14. e5 Nd5 (14... Nd7 15. Ne4 Bxe4 16. Bxe4 d5 17. Bd3 {[%cal
Gf4f5]} g6 18. a4 {also bad for Black.}) 15. Ne4 Qc6 16. f5 $1 dxe5 17. fxe6 f6
18. Ba5 $1 {Preventing the king's escape to the queenside.} Qxe6 19. c4 Nf4 (
19... bxc4 20. Bxc4 $18 {[%cal Ga1d1]}) 20. Rxf4 exf4 21. Nd6+ Ke7 22. Nxb7 $18
) 14. e5 Nd5 15. Nxd5 Bxd5 16. c4 bxc4 17. Bxc4 Qc6 $6 (17... Bxc4 18. Qxc4 g6
19. Be3 Qc6 20. Rac1 Rc8 21. b4 Be7 22. Bxc5 O-O {Well, Black is a pawn down,
but retains some chances of holding. Compared to what happened in the game
later, this may be considered as the lesser evil.}) 18. f5 {White's play is
very natural and effective.} Bxc4 $6 (18... Be7 19. Bxd5 Qxd5 20. f6 gxf6 21.
exf6 Bd6 {would be a better practical chance. At least Black's kingside rook
will have something to do on the g-file.}) 19. Qxc4 Qd5 20. Qc2 $1 {Of course,
no queens exchange in such a position. More lines will be opened very soon
against Black's uncastled king. The position is already beyond saving.} Rc8 21.
Rad1 exf5 22. Bg5 Qc6 23. Qxf5 Qe6 24. Qc2 (24. Qe4 Be7 25. Bxe7 Qxe7 26. Qa4+
Kf8 27. Rd7 Qe6 28. Rd6 Qe7 29. Qxa6 Re8 30. e6 $18) 24... Be7 25. Bxe7 (25.
Qa4+ Qc6 26. Qf4 Qe6 27. Bxe7 Qxe7 28. Qa4+ Kf8 29. Rd7 {The same win as in
previous commentary.}) 25... Kxe7 26. Rd6 Qxe5 {Black is forced to take this
pawn and open more lines against his own monarch.} 27. Rdd1 Kf8 28. Rd7 $6 {
Sergei is not very precise in the final stage of the game, but his position
remains overwhelming. Black's extra pawn has no significance, what matters is
the king's safety and the coordination between the major pieces.} (28. Qc4 Qe8
29. Qxa6 Kg8 30. Rfe1 Qf8 31. Rd7 h5 32. Rxf7 $1 Qxf7 (32... Kxf7 33. Qe6#) 33.
Qxc8+ Kh7 34. Qxc5 $18) 28... Qe6 29. Qd2 Re8 (29... g6 $1 {was more resistant.
} {Still, after} 30. Rd6 Qe5 31. Re1 Qf5 32. Rd5 Qf6 33. Qh6+ Kg8 34. Rxc5 {
White's initiative will decide sooner or later.}) {[%tqu "En","How should
White continue the attack?","","","d2d6","",5]} 30. Qd6+ $1 Qxd6 {I am not
sure that Levan really blundered away mate in three, maybe he just wanted to
end his suffering.} (30... Kg8 31. Qxe6 fxe6 32. Rff7 $18) 31. Rfxf7+ (31.
Rfxf7+ Kg8 32. Rxg7+ Kf8 33. Rdf7#) 1-0